Welcome to CU Library Online Public Access Catalogue (OPAC)

Social research methods / (Record no. 4919)

MARC details
000 -LEADER
fixed length control field 00686cam a2200229 a 4500
001 - CONTROL NUMBER
control field 16962681
005 - DATE AND TIME OF LATEST TRANSACTION
control field 20250318104511.0
008 - FIXED-LENGTH DATA ELEMENTS--GENERAL INFORMATION
fixed length control field 110915s2012 nyua 001 0 eng
020 ## - INTERNATIONAL STANDARD BOOK NUMBER
International Standard Book Number 9780199588053 (pbk.)
020 ## - INTERNATIONAL STANDARD BOOK NUMBER
International Standard Book Number 0199588058 (pbk.)
050 00 - LIBRARY OF CONGRESS CALL NUMBER
Classification number H62
Item number .B787 2012
082 00 - DEWEY DECIMAL CLASSIFICATION NUMBER
Classification number 300.72
Edition information 23
100 1# - MAIN ENTRY--PERSONAL NAME
Personal name Bryman, Alan.
245 10 - TITLE STATEMENT
Title Social research methods /
Statement of responsibility, etc. Alan Bryman.
250 ## - EDITION STATEMENT
Edition statement 4th ed.
260 ## - PUBLICATION, DISTRIBUTION, ETC.
Place of publication, distribution, etc. Oxford ;
-- New York :
Name of publisher, distributor, etc. Oxford University Press,
Date of publication, distribution, etc. 2012.
300 ## - PHYSICAL DESCRIPTION
Extent xli, 766 p. :
Other physical details ill. ;
Dimensions 27 cm.
500 ## - GENERAL NOTE
General note Text accompanied by a companion web site.
650 #0 - SUBJECT ADDED ENTRY--TOPICAL TERM
Topical term or geographic name entry element Social sciences
General subdivision Research.
650 #0 - SUBJECT ADDED ENTRY--TOPICAL TERM
Topical term or geographic name entry element Social sciences
General subdivision Methodology.
942 ## - ADDED ENTRY ELEMENTS (KOHA)
Source of classification or shelving scheme Library of Congress Classification
Koha item type Books
Suppress in OPAC No
999 ## -
-- 4919
-- 4919
Holdings
Withdrawn status Lost status Source of classification or shelving scheme Damaged status Not for loan Collection Home library Current library Shelving location Date acquired Total checkouts Full call number Barcode Date last seen Copy number Price effective from Koha item type
    Library of Congress Classification     Non-fiction Graduate Library (Christ Temple) Graduate Library (Christ Temple) General stacks 03/18/2025   H 62.B787 BRY GSCT00000649 03/18/2025 1 03/18/2025 Books
    Library of Congress Classification     Non-fiction Graduate Library (Christ Temple) Graduate Library (Christ Temple) General stacks 03/18/2025   H 62.B787 BRY GSCT00000650 03/18/2025 2 03/18/2025 Books
    Library of Congress Classification     Non-fiction Graduate Library (Christ Temple) Graduate Library (Christ Temple) General stacks 03/18/2025   H 62.B787 BRY GSCT00000651 03/18/2025 3 03/18/2025 Books
© 2023-2024 Copyright: Central University Libraries. All Rights Reserved | Created by: Mahone Tech Office